Mezinárodní právo a ochrana socialistického vlastnictví /

Hlavní autor: Bystrický, Rudolf, 1908-2001
Jazyk: Čeština
Vydáno: Praha : Československá akademie věd, 1958
Edice: Rozpravy Československé akademie věd. Řada společenských věd ; roč. 68, seš. 2
Fyzický popis: 130 s.
Language note: Ruské resumé
Knihy
Uloženo v:
LEADER 00955nam a22002652a 4500
001 001415105
003 CZ BrMZK
005 20150206145147.0
007 ta
008 140826s1958 xr er|||||||||||cze d
015 |a cnb000512145 
035 |a (OCoLC)34911327 
040 |a ABA001  |b cze  |c KLG001  |d BOA001 
041 0 |a cze  |b rus 
100 1 |a Bystrický, Rudolf,  |d 1908-2001  |7 jk01020493  |4 aut 
245 1 0 |a Mezinárodní právo a ochrana socialistického vlastnictví /  |c Rudolf Bystrický 
260 |a Praha :  |b Československá akademie věd,  |c 1958 
300 |a 130 s. 
490 1 |a Rozpravy Československé akademie věd. Řada společenských věd ;  |v roč. 68, seš. 2 
546 |a Ruské resumé 
810 2 |a Československá akademie věd.  |t Rozpravy.  |p Řada společenských věd  |0 s 
910 |a BOA001  |b 2-0391.153 
990 |a BK 
991 |b 201408 
996 6 |b 2619134985  |c 2-0391.153  |l MZK  |r Sklad / do 24 hodin  |n 0  |w 001450221  |u 000010  |a 1  |e BOA001  |j MZK50  |s P